000 00581nam a2200241 a 4500
001 nice12345678
003 IN_TiNIC
005 20260116011833.0
008 050524s1924 laha grp 000 0 urd
020 _a
_c100
082 0 0 _a239
_bGOL2
100 _aGoldsack, William
245 _aKalamallah Az Rooe Islam
260 _aLahore
_bPunjab Religious Booksociety
_c1924
300 _a95p
500 _aincludes index and biblioraphy
505 2 _aReserve
650 _aApologetics
700 1 _aGoldsack, William
902 _bSRS
942 _cBK
999 _c4337
_d4337